| 000 | 02047cam a2200301 a 4500 | ||
|---|---|---|---|
| 001 | 15701564 | ||
| 005 | 20170105102858.0 | ||
| 008 | 090416s2009 nyuab b 001 0 eng | ||
| 010 | _a 2009015843 | ||
| 020 | _a9780231701129 | ||
| 020 | _a0231701128 | ||
| 035 | _a(OCoLC)ocn318971971 | ||
| 040 |
_aDLC _cDLC _dBTCTA _dYDXCP _dC#P _dVVC _dCDX _dDLC |
||
| 050 | 0 | 0 |
_aDS371.4 _b.D43 2009 |
| 082 | 0 | 0 |
_a958.104/7 _222 |
| 245 | 0 | 0 |
_aDecoding the new Taliban : _binsights from the Afghan field / _ceditor, Antonio Giustozzi. |
| 260 |
_aNew York : _bColumbia University Press, _cc2009. |
||
| 300 |
_axiii, 318 p. : _bill., maps ; _c23 cm. |
||
| 504 | _aIncludes bibliographical references and index. | ||
| 505 | 0 | _aThe Taliban and the opium trade / Gretchen S. Peters -- Reading the Taliban / Joanna Nathan -- The resurgence of the Taliban in Kabul: Logar and Wardak / Mohammad Osman Tariq Elias -- Loya Paktia's insurgency / Thomas Ruttig and Sébastien Trives -- The return of the Taliban in Andar district: Ghazni / Christoph Reuter and Borhan Younus -- The Taliban in Helmand: an oral history / Tom Coghlan -- Unruly commanders and violent power struggles: Taliban networks in Uruzgan / Martine van Bijlert -- Taliban in Zabul: a witness' account / Abdul Awwal Zabulwal -- What Kandahar's Taliban say / Graeme Smith -- The Taliban's marches: Herat, Farah, Baghdis and Ghor / Antonio Giustozzi -- Taliban and counter-insurgency in Kunar / David Kilcullen -- Northern exposure for the Taliban / Sippi Azerbaijani Moghaddam -- The Tehrik-e Taliban Pakistan / Claudio Franco. | |
| 610 | 2 | 0 | _aTaliban. |
| 650 | 0 |
_aInsurgency _zAfghanistan _xHistory _y21st century. |
|
| 651 | 0 |
_aAfghanistan _xPolitics and government _y2001- |
|
| 700 | 1 | _aGiustozzi, Antonio. | |
| 906 |
_a7 _bcbc _corignew _d1 _eecip _f20 _gy-gencatlg |
||
| 942 |
_2ddc _cBK |
||
| 999 |
_c14576 _d14576 |
||